000
00220 a2200097 4500
001
30717
100
_a
Lerner, Mak
245
_a
America as a civilization
260
_a
N Y
_b
Simon and Schuster
_c
090
_c
20650
_d
20650
942
_a
NUST-CAE
_c
M
_c
11837
999
_c
265790
_d
265790